<?xml version="1.0" encoding="UTF-8"?><?xml-stylesheet type="text/xsl" href="static/style.xsl"?><OAI-PMH xmlns="http://www.openarchives.org/OAI/2.0/" xmlns:xsi="http://www.w3.org/2001/XMLSchema-instance" xsi:schemaLocation="http://www.openarchives.org/OAI/2.0/ http://www.openarchives.org/OAI/2.0/OAI-PMH.xsd"><responseDate>2026-04-14T03:54:10Z</responseDate><request verb="GetRecord" identifier="oai:www.recercat.cat:10256/12413" metadataPrefix="marc">https://recercat.cat/oai/request</request><GetRecord><record><header><identifier>oai:recercat.cat:10256/12413</identifier><datestamp>2024-06-18T11:07:04Z</datestamp><setSpec>com_2072_452955</setSpec><setSpec>com_2072_2054</setSpec><setSpec>col_2072_452959</setSpec><setSpec>col_2072_453080</setSpec></header><metadata><record xmlns="http://www.loc.gov/MARC21/slim" xmlns:dcterms="http://purl.org/dc/terms/" xmlns:xsi="http://www.w3.org/2001/XMLSchema-instance" xmlns:doc="http://www.lyncode.com/xoai" xsi:schemaLocation="http://www.loc.gov/MARC21/slim http://www.loc.gov/standards/marcxml/schema/MARC21slim.xsd">
   <leader>00925njm 22002777a 4500</leader>
   <datafield ind2=" " ind1=" " tag="042">
      <subfield code="a">dc</subfield>
   </datafield>
   <datafield ind2=" " ind1=" " tag="720">
      <subfield code="a">Benejam Vidal, Lluís</subfield>
      <subfield code="e">author</subfield>
   </datafield>
   <datafield ind2=" " ind1=" " tag="720">
      <subfield code="a">Alcaraz Cazorla, Carles</subfield>
      <subfield code="e">author</subfield>
   </datafield>
   <datafield ind2=" " ind1=" " tag="720">
      <subfield code="a">Sasal, Pierre</subfield>
      <subfield code="e">author</subfield>
   </datafield>
   <datafield ind2=" " ind1=" " tag="720">
      <subfield code="a">Simon-Levert, Gael</subfield>
      <subfield code="e">author</subfield>
   </datafield>
   <datafield ind2=" " ind1=" " tag="720">
      <subfield code="a">García-Berthou, Emili</subfield>
      <subfield code="e">author</subfield>
   </datafield>
   <datafield ind2=" " ind1=" " tag="260">
      <subfield code="c">info:eu-repo/date/embargoEnd/2026-01-01</subfield>
   </datafield>
   <datafield ind2=" " ind1=" " tag="260">
      <subfield code="c">info:eu-repo/date/embargoEnd/2026-01-01</subfield>
   </datafield>
   <datafield ind2=" " ind1=" " tag="260">
      <subfield code="c">2009</subfield>
   </datafield>
   <datafield ind2=" " ind1=" " tag="520">
      <subfield code="a">The eastern mosquitofish (Gambusia holbrooki) is among the most invasive fish worldwide and yet, while very abundant in most Mediterranean countries, it is unable to tolerate the colder winters of northern and central Europe. Understanding the effects of latitude on its life-history traits is essential to predict the potential for its invasion of central Europe in current scenarios of climate change. We studied the variation of life-history traits and parasite load in the eastern mosquitofish along a latitudinal gradient from southern France to southern Spain, sampling mosquitofish populations in eight Mediterranean river mouths ranging 5° in latitude. Southern mosquitofish populations displayed higher catch rates, allocated more energy to reproduction (gonadosomatic index and gonadal weight after accounting for fish size) and had a lower condition (total weight and eviscerated weight after accounting for fish size) than in northern populations. Despite variability among populations, size-at-maturity (L50) significantly varied with latitude and northern individuals matured at smaller size (lower L50). Parasite prevalence ranged from 0.0 to 26.7% but parasite richness was very low; all the parasites identified were larvae of pleurocercoid cestodes belonging to the order Pseudophyllidea. The abundance of mosquitofish parasites decreased with latitude and the presence and number of parasites infecting the mosquitofish had a significant negative effect on fish condition. The significant effects of latitude on the catch rates, life history and parasites of mosquitofish highlight the importance of latitudinal studies of invasive species to understand the interactive mechanisms of climate change and biological invasions</subfield>
   </datafield>
   <datafield ind2=" " ind1=" " tag="520">
      <subfield code="a">This study was financially supported by the Government of Catalonia (AIRE 2003 and Catalan Government Distinction Award for university research 2004 to EGB) and the Spanish Ministry of Education (REN2003-00477 and CGL2006-11652-C02-01/BOS)</subfield>
   </datafield>
   <datafield ind1="8" ind2=" " tag="024">
      <subfield code="a">http://hdl.handle.net/10256/12413</subfield>
   </datafield>
   <datafield tag="653" ind2=" " ind1=" ">
      <subfield code="a">Peixos d'aigua dolça</subfield>
   </datafield>
   <datafield tag="653" ind2=" " ind1=" ">
      <subfield code="a">Freshwater fishes</subfield>
   </datafield>
   <datafield tag="653" ind2=" " ind1=" ">
      <subfield code="a">Gambusia holbrooki</subfield>
   </datafield>
   <datafield tag="653" ind2=" " ind1=" ">
      <subfield code="a">Eastern mosquitofish</subfield>
   </datafield>
   <datafield tag="653" ind2=" " ind1=" ">
      <subfield code="a">Invasions biològiques</subfield>
   </datafield>
   <datafield tag="653" ind2=" " ind1=" ">
      <subfield code="a">Biological invasions</subfield>
   </datafield>
   <datafield ind2="0" ind1="0" tag="245">
      <subfield code="a">Life history and parasites of the invasive mosquitofish (Gambusia holbrooki) along a latitudinal gradient</subfield>
   </datafield>
</record></metadata></record></GetRecord></OAI-PMH>